Statistics for British Monopoly Board - Map Quiz

Click here to take the quiz!

General Stats

  • This quiz has been taken 6,763 times
  • The average score is 16 of 36

Answers on the Map

Answers color-coded by a green-red scale on the quiz's map according to % correct below.
Loading ...
 

Answer Stats

Answer % Correct
GO
86%
Go To Jail
73%
Free Parking
66%
Just Visiting (In Jail)
65%
Chance
58%
Old Kent Road
57%
Mayfair
57%
Park Lane
54%
Super Tax
53%
Income Tax
51%
Whitechapel Road
49%
Water Works
48%
Community Chest
47%
Electric Company
46%
Liverpool St. Station
43%
Trafalgar Square
42%
Kings Cross Station
42%
Bond Street
42%
Piccadilly
42%
Vine Street
40%
Pall Mall
40%
Pentonville Road
39%
The Angel, Islington
38%
Fenchurch St. Station
37%
Oxford Street
37%
Northumberland Avenue
36%
Fleet Street
35%
Euston Road
34%
Strand
33%
Coventry Street
32%
Bow Street
32%
Marylebone Station
32%
Regent Street
30%
Leicester Square
28%
Whitehall
28%
Marlborough Street
27%

Score Distribution

Percentile by Number Answered

Percent of People with Each Score

Your Score History

You have not taken this quiz